Blood viscosity and shock : the role of hemodilution, hemoconcentration and defibrination /

Uložené v:
Podrobná bibliografia
Hlavný autor: Goslinga, Hieltje (Author)
Médium: Kniha
Jazyk:English
Vydané: Heidelberg New York Berlin : Springer Verlag, 1984.
Vydanie:1st ed.
ISBN: (brož.)
Fyzický popis: 193 s.
Tagy: Pridať tag
Žiadne tagy, Buďte prvý kto otaguje tento záznam!

MARC

LEADER 00000nam a22000004a 4500
001 000410089
005 20121113213036.0
008 121113s1984 xxu e 000 0 eng d
020 |a (brož.)  |c Kčs 100,00 
040 |a SVKKK  |b slo  |c SVKKK  |e AACR2 
041 0 |a eng 
044 |a gw  |c DE  |a xxu  |c US 
100 1 |a Goslinga, Hieltje  |4 aut 
245 1 0 |a Blood viscosity and shock :  |b the role of hemodilution, hemoconcentration and defibrination /  |c Hieltje Goslinga. 
250 |a 1st ed. 
260 |a Heidelberg  |a New York  |a Berlin :  |b Springer Verlag,  |c 1984. 
300 |a 193 s. 
910 |a svkkk 
998 |a BK 
090 |g SCKHL  |k Sklad Pribinova prízemie  |a IV.126834  |j 706022  |i B272314  |s Absenčne